[Event "Intermat"]
[Site "Richmond"]
[Date "2023.04.15"]
[Round "1.2"]
[White "Chan, Rockwell"]
[Black "Wang, Harvey"]
[Result "0-1"]
[WhiteElo "515"]
[BlackElo "808"]
[EventType "team-match"]
[EventRounds "2"]
[EventCountry "CAN"]

1. d4 d5 2. Bf4 Nc6 3. Nf3 Nf6 4. e3 e6 5. c3 Be7 6. Nbd2 O-O 7. Bb5 a6 8.
Bxc6 bxc6 9. O-O Bb7 10. Qc2 Qd7 11. Ng5 Rfe8 12. Be5 Bd6 13. Bxf6 gxf6 14.
Qxh7+ Kf8 15. Qc2 fxg5 16. e4 dxe4 17. Nxe4 Bf4 18. Nf6 Qd6 19. Nxe8 Bxh2+ 20.
Kh1 Kxe8 21. Qh7 Ke7 22. Qxh2 Qxh2+ 23. Kxh2 Rh8+ 24. Kg1 f5 25. Rfe1 g4 26.
g3 c5 27. dxc5 Rh1# 0-1

[Event "Intermat"]
[Site "Richmond"]
[Date "2023.04.15"]
[Round "1.3"]
[White "Xu, Zhihan (Samuel)"]
[Black "Yuan, Chen"]
[Result "1/2-1/2"]
[WhiteElo "789"]
[BlackElo "1185"]
[EventType "team-match"]
[EventRounds "2"]
[EventCountry "CAN"]

1. e4 e5 2. Nf3 Nc6 3. Bc4 Bc5 4. Nc3 Nf6 5. O-O O-O 6. d3 h6 7. Be3 Bxe3 8.
fxe3 d6 9. h3 Be6 10. Bb3 Bxb3 11. axb3 Qd7 12. d4 exd4 13. exd4 Rfe8 14. Re1
d5 15. e5 Nh7 16. Qd2 Rad8 17. Nb5 a6 18. Nc3 Qe7 19. h4 Nf8 20. Rf1 Ng6 21.
h5 Nf8 22. Qf4 Nh7 23. Nh4 Rd7 24. Rf2 Qg5 25. Raf1 Qxf4 26. Rxf4 Ng5 27. Nf3
Nxf3+ 28. R1xf3 Nb4 29. Rf2 g5 30. hxg6 fxg6 31. Rf6 Kg7 32. e6 Rde7 33. Rf7+
Rxf7 34. Rxf7+ Kg8 35. Rxc7 Rxe6 36. Rxb7 Nxc2 37. Rd7 Ne3 38. Nxd5 Ng4 39.
Kf1 Ne3+ 40. Nxe3 Rxe3 41. Rd6 Rxb3 42. Rxg6+ Kh7 43. Rxa6 Rxb2 44. Ra7+ Kg6
45. Ra3 Rd2 46. Rg3+ Kh7 47. Rg4 h5 48. Rh4 Kh6 49. g4 Kg5 50. Rxh5+ Kxg4 51.
Rh8 Rxd4 52. Rg8+ Kf3 53. Rf8+ Rf4 54. Ra8 Rc4 55. Rh8 Rd4 56. Rh3+ Ke4 57.
Rh4+ Kd5 58. Rh5+ Kc4 59. Rh8 Rd1+ 60. Ke2 Ra1 61. Rc8+ Kd5 62. Rd8+ Kc4 63.
Rc8+ Kd5 64. Rc2 Rh1 65. Rd2+ Kc4 66. Rc2+ Kb3 67. Rd2 Rh2+ 68. Ke3 Rxd2 69.
Kxd2 {#d} 1/2-1/2

[Event "Intermat"]
[Site "Richmond"]
[Date "2023.04.15"]
[Round "1.4"]
[White "Makogon, Leon"]
[Black "Evin, Terrick"]
[Result "0-1"]
[WhiteElo "619"]
[BlackElo "1249"]
[EventType "team-match"]
[EventRounds "2"]
[EventCountry "CAN"]

1. e4 e6 2. d4 d5 3. Nc3 Nf6 4. e5 Nfd7 5. Nf3 c5 6. Be3 cxd4 7. Qxd4 Nc6 8.
Qa4 Be7 9. Bb5 Qc7 10. Bxc6 Qxc6 11. Qxc6 bxc6 12. O-O Ba6 13. Rfd1 O-O 14.
Rd4 c5 15. Rg4 d4 16. Bh6 dxc3 17. Bxg7 h5 18. Rg3 Rfd8 19. Bf6+ Kf8 20. Bxe7+
Kxe7 21. bxc3 Be2 22. Rg5 Bxf3 23. gxf3 Rg8 24. Rxg8 Rxg8+ 25. Kf1 Nxe5 26.
Ke2 Rg2 27. Rh1 Nc4 28. Kd3 Na3 29. Re1 Rxf2 30. Re5 Rxh2 31. Rxc5 Rxc2 32.
Rc7+ Kf6 33. Rxa7 Rxa2 34. c4 h4 35. c5 h3 36. c6 h2 37. c7 h1=Q 38. c8=Q
Qxf3+ 39. Kd4 Rd2+ 40. Kc5 Rc2+ 41. Kb6 Rxc8 42. Ra5 Qc6+ 43. Ka7 Ra8# 0-1

[Event "Intermat"]
[Site "Richmond"]
[Date "2023.04.15"]
[Round "1.5"]
[White "Cui, Sky"]
[Black "Bharadwaj, Samarth"]
[Result "0-1"]
[WhiteElo "1154"]
[BlackElo "1431"]
[EventType "team-match"]
[EventRounds "2"]
[EventCountry "CAN"]

1. e4 e5 2. Nf3 Nc6 3. Bc4 Bc5 4. c3 Nf6 5. d4 exd4 6. e5 d5 7. Bb5 Ne4 8.
cxd4 Bb6 9. Nc3 O-O 10. O-O Bg4 11. Bxc6 bxc6 12. Be3 f5 13. Na4 Ba5 14. a3 f4
15. Bc1 Ng5 16. Nc5 Nxf3+ 17. gxf3 Bh3 18. Kh1 Bxf1 19. Ne6 Qh4 20. Qxf1 Rf5
21. Qg2 g6 22. b4 Bb6 23. Qg4 Qxg4 24. fxg4 Rf7 25. Bb2 h6 26. Rc1 a5 27. Rxc6
axb4 28. axb4 Ra2 29. Bc3 Rxf2 30. Nd8 f3 31. h3 Rf8 32. Nb7 Rh2+ 33. Kxh2 f2
34. Rxg6+ Kh7 35. Bd2 f1=Q 36. Rxh6+ Kg7 37. Rg6+ Kxg6 38. Be3 Rf3 39. h4 Rh3#
0-1

[Event "Intermat"]
[Site "Richmond"]
[Date "2023.04.15"]
[Round "1.6"]
[White "Yan, Leo"]
[Black "Li, Edgar"]
[Result "1-0"]
[WhiteElo "800"]
[BlackElo "1161"]
[EventType "team-match"]
[EventRounds "2"]
[EventCountry "CAN"]

1. e4 e5 2. Nf3 Nc6 3. Bc4 Bc5 4. c3 Nf6 5. d3 d6 6. Be3 Bb6 7. Nbd2 Be6 8.
Bb3 Qd7 9. d4 exd4 10. cxd4 Bxb3 11. axb3 O-O 12. O-O Rfe8 13. e5 dxe5 14.
dxe5 Nxe5 15. Nxe5 Rxe5 16. Bxb6 axb6 17. Rxa8+ Ne8 18. Re1 Re7 19. Nf3 Qxd1
20. Rxd1 Kf8 21. h3 c6 22. Rdd8 f6 23. Nd4 g6 24. b4 Kf7 25. b5 c5 26. Nf3 Nc7
27. Rab8 Nxb5 28. Nd2 Nd4 29. Rf8+ Ke6 30. Rfe8 Rxe8 31. Rxe8+ Kd7 32. Rh8 h5
33. Rf8 f5 34. Rg8 Ne2+ 35. Kf1 Nf4 36. Nc4 b5 37. Ne5+ Ke6 38. Nxg6 Kf7 39.
Nxf4 Kxg8 40. Ke2 Kf7 41. Nxh5 Kg6 42. Nf4+ Kg5 43. Ne6+ Kf6 44. Nxc5 b6 45.
Nd7+ Kg5 46. Nxb6 f4 47. g3 fxg3 48. fxg3 Kf5 49. Kf3 Ke5 50. h4 Kd4 51. h5 b4
52. h6 b3 53. h7 Kc5 54. h8=Q Kxb6 55. Qc3 Kb5 56. Qxb3+ Kc5 57. Qd3 Kc6 58.
Qd4 Kc7 59. Qd5 Kb6 60. Qc4 Ka5 61. Qb3 Ka6 62. Ke4 Ka5 63. Kd5 Ka6 64. Kc6
Ka7 65. Qb7# 1-0

[Event "Intermat"]
[Site "Richmond"]
[Date "2023.04.15"]
[Round "1.7"]
[White "Zhang, Kai Zhongkai"]
[Black "Lin, Michael"]
[Result "1-0"]
[WhiteElo "1335"]
[BlackElo "1707"]
[EventType "team-match"]
[EventRounds "2"]
[EventCountry "CAN"]

1. e4 e6 2. d4 d5 3. Nc3 Bb4 4. e5 c5 5. a3 Bxc3+ 6. bxc3 Nc6 7. Nf3 Nge7 8.
Bd3 Bd7 9. O-O O-O 10. Bxh7+ Kh8 11. Bd3 g6 12. Qd2 Ng8 13. Qf4 c4 14. Ng5 Kg7
15. Qh4 Nh6 16. Nxe6+ Bxe6 17. Qxh6+ Kg8 18. Bg5 cxd3 19. Bf6 Qxf6 20. exf6
{#r} 1-0

[Event "Intermat"]
[Site "Richmond"]
[Date "2023.04.15"]
[Round "1.8"]
[White "Yao, Lucas"]
[Black "Merriman, Dann"]
[Result "1-0"]
[WhiteElo "1435"]
[BlackElo "1570"]
[EventType "team-match"]
[EventRounds "2"]
[EventCountry "CAN"]

1. e4 e5 2. Nf3 Nc6 3. Bb5 a6 4. Bxc6 dxc6 5. O-O Bg4 6. h3 Bxf3 7. Qxf3 Nf6
8. Nc3 Bd6 9. d3 O-O 10. Be3 Qd7 11. Rad1 c5 12. Bg5 Be7 13. Bxf6 Bxf6 14. Nd5
Be7 15. Qg3 f6 16. f4 exf4 17. Rxf4 Bd6 18. Qg4 Qa4 19. Nxf6+ Rxf6 20. Rxf6
Qd4+ 21. Rf2 Rf8 22. Rdf1 Bh2+ 23. Kxh2 Rxf2 24. Qc8+ Kf7 25. Qxc7+ Ke6 26.
Qc8+ Ke7 27. Qxb7+ Kd8 28. Rxf2 Qxf2 29. Qd5+ Kc7 30. Qe5+ Kb6 31. c4 g6 32.
a3 Kb7 33. b4 cxb4 34. axb4 Qd2 35. Qe7+ Kc6 36. Qc5+ Kd7 37. Qa7+ Kd8 38.
Qd4+ Kc7 39. Qe5+ Kd7 40. b5 axb5 41. cxb5 Kc8 42. b6 Kb7 43. Qc7+ Ka6 44. b7
Qxd3 45. b8=N+ Kb5 46. Qd7+ Qxd7 47. Nxd7 Kc4 48. Kg3 Kd4 49. Kf4 g5+ 50. Kf5
h5 51. e5 Kd5 52. e6 Kd6 53. Kf6 g4 54. h4 g3 55. Nf8 Kc7 56. e7 Kd6 57. e8=N+
Kd5 58. Kf5 Kc6 59. Ng7 Kd6 60. Nxh5 Ke7 61. Ng6+ Kf7 62. Nxg3 Kg7 63. Kg5 Kh7
64. h5 Kg7 65. Nf5+ Kh7 66. h6 Kg8 67. Nge7+ Kh8 68. Kf6 Kh7 69. g4 Kh8 70. g5
Kh7 71. g6+ Kh8 72. g7+ Kh7 73. g8=Q# 1-0

[Event "Intermat"]
[Site "Richmond"]
[Date "2023.04.15"]
[Round "1.9"]
[White "Chua, Zachary"]
[Black "Yondon, Odbayar"]
[Result "0-1"]
[WhiteElo "1349"]
[BlackElo "1617"]
[EventType "team-match"]
[EventRounds "2"]
[EventCountry "CAN"]

1. e4 c5 2. Nf3 e6 3. c3 d5 4. exd5 exd5 5. d4 Nc6 6. Bb5 a6 7. Bxc6+ bxc6 8.
Bf4 Nf6 9. Ne5 Bd7 10. Qe2 Be7 11. dxc5 O-O 12. O-O Bxc5 13. Nd2 h6 14. Nb3
Bb6 15. Rad1 Re8 16. Qd2 Ne4 17. Qc1 Rc8 18. c4 f6 19. Nxd7 Qxd7 20. c5 Bc7
21. Bxc7 Qxc7 22. h4 Qe5 23. Rfe1 Qf5 24. Qc2 Qf4 25. Rd4 Qxh4 26. Re2 Qg5 27.
f3 Ng3 28. Rxe8+ Rxe8 29. Rg4 Ne2+ 30. Kf1 Qe3 31. Qxe2 Qxe2+ 32. Kg1 Qxb2 33.
Ra4 Re2 34. Kh2 Rxg2+ 35. Kh3 Qf2 {#R} 0-1

[Event "Intermat"]
[Site "Richmond"]
[Date "2023.04.15"]
[Round "1.10"]
[White "Wu, Bowen"]
[Black "Xiong, Michael"]
[Result "0-1"]
[WhiteElo "1347"]
[BlackElo "1554"]
[EventType "team-match"]
[EventRounds "2"]
[EventCountry "CAN"]

1. e4 c5 2. Nf3 d6 3. d4 cxd4 4. Nxd4 Nf6 5. Nc3 a6 6. Bg5 e6 7. f4 Be7 8. Qf3
Qc7 9. O-O-O Nbd7 10. f5 Ne5 11. Qh3 Nfg4 12. Bxe7 Qxe7 13. Qg3 O-O 14. h3 Nf6
15. Qf4 Nh5 16. Qf2 exf5 17. Nxf5 Bxf5 18. exf5 Qg5+ 19. Qd2 Qxd2+ 20. Rxd2
Ng3 21. Rg1 Nxf5 22. g4 Nf3 23. gxf5 Nxg1 24. Bg2 Rfe8 25. Kd1 Re7 26. Nd5 Re5
27. f6 Rae8 28. Ne7+ Kf8 29. Rxd6 gxf6 30. Bxb7 R5xe7 31. Bxa6 Re1+ 32. Kd2
Nf3+ 33. Kc3 Ng5 34. Bd3 Ne4+ 35. Bxe4 R1xe4 36. Rxf6 Re3+ 37. Kd2 Rxh3 38. a4
Rh2+ {#R} 0-1

[Event "Intermat"]
[Site "Richmond"]
[Date "2023.04.15"]
[Round "1.11"]
[White "Liu, Zachary"]
[Black "Ramkumar, Nikhil"]
[Result "1-0"]
[WhiteElo "2101"]
[BlackElo "1648"]
[EventType "team-match"]
[EventRounds "2"]
[EventCountry "CAN"]

1. e4 c6 2. d4 d5 3. exd5 cxd5 4. Bd3 Nc6 5. c3 Nf6 6. h3 e6 7. Nf3 Bd6 8. O-O
h6 9. Re1 O-O 10. Ne5 Nd7 11. Bf4 Ndxe5 12. dxe5 Be7 13. Nd2 Bg5 14. Bxg5 Qxg5
15. Nf3 Qd8 16. Bc2 f5 17. exf6 Qxf6 18. Qd3 Bd7 19. b4 a6 20. a4 b5 21. Ra2
Rad8 22. axb5 axb5 23. Ra6 Rc8 {Black offered a draw.} 24. Re2 Qf5 25. Qxf5
exf5 26. Bb3 Nb8 27. Bxd5+ Kh8 28. Ra3 Nc6 29. Ra1 Rf6 30. Rae1 Rd6 31. Be6
Rc7 32. Nh4 Nd8 33. Bxd7 Rdxd7 34. Ng6+ Kg8 35. Re3 Rd6 36. Ne7+ Kh7 37. Nxf5
Rdc6 38. Re5 Rxc3 39. Rxb5 Rb3 40. Nd4 Rb2 41. Rd5 Nc6 42. Rc5 Rf7 43. Rc2
Rxc2 44. Nxc2 Rb7 45. Rb1 Rb5 46. Kf1 Kg6 47. Ke2 Kf5 48. Kd3 Ne5+ 49. Kc3 Ke4
50. Re1+ Kd5 51. Ne3+ Kc6 52. Nc4 Nd7 53. Re7 Nf6 54. Rxg7 Nd5+ 55. Kd4 Nxb4
56. Rg6+ Kd7 57. Ne5+ Ke7 58. Nc6+ Nxc6+ 59. Rxc6 h5 60. Rc5 Rb4+ 61. Kc3 Rf4
62. Rxh5 Rxf2 63. Rg5 Kf6 64. Rg4 Re2 65. Kd3 Re1 66. Kd2 Re5 67. Kd3 Kf5 68.
Rg3 Re1 69. Kd2 Re7 70. Re3 Rg7 71. Rf3+ Ke4 72. Rf2 Rg3 73. Ke2 Re3+ 74. Kf1
Ra3 75. Kg1 Ra1+ 76. Kh2 Ra3 77. h4 Ke5 78. g3 Ke4 79. Kh3 Ke3 80. Rf5 Ra8 81.
h5 Ke4 82. Rf4+ Ke5 83. Kh4 Rh8 84. Rf1 Rg8 85. g4 Rg7 86. h6 Rg8 87. g5 Ke6
88. h7 Rh8 89. g6 Ke7 90. Kg5 Ra8 91. Re1+ Kd6 92. g7 {#r} 1-0

[Event "Intermat"]
[Site "Richmond"]
[Date "2023.04.15"]
[Round "1.13"]
[White "Mok, Erwin Jun-Han"]
[Black "Zhu, Jamie"]
[Result "0-1"]
[WhiteElo "1716"]
[BlackElo "1817"]
[EventType "team-match"]
[EventRounds "2"]
[EventCountry "CAN"]

1. d4 Nf6 2. c4 g6 3. f3 Bg7 4. e4 O-O 5. Nc3 c5 6. d5 d6 7. Be3 a6 8. Qd2 e6
9. a4 exd5 10. cxd5 Re8 11. Be2 Nbd7 12. Nh3 Ne5 13. Nf2 Bd7 14. O-O Rb8 15.
a5 Qc8 16. h3 h5 17. f4 Neg4 18. hxg4 hxg4 19. g3 Nh5 20. Kg2 f5 21. Bd3 b5
22. axb6 Rxb6 23. Qe2 Qb8 24. Rfb1 Rb4 25. Bxa6 Bxc3 26. Bd3 Bg7 27. exf5 gxf5
28. Nd1 Qb7 29. Bc4 Be6 30. Kh2 Bxd5 31. Bxd5+ Qxd5 32. Qc2 Rbe4 33. Ra3 Bd4
34. Qf2 Qe6 35. Bxd4 cxd4 {#R} 0-1

[Event "Intermat"]
[Site "Richmond"]
[Date "2023.04.15"]
[Round "1.14"]
[White "Gao, Justin"]
[Black "Wang, Leonardo"]
[Result "1-0"]
[WhiteElo "1803"]
[BlackElo "1648"]
[EventType "team-match"]
[EventRounds "2"]
[EventCountry "CAN"]

1. e4 c5 2. Nc3 Nc6 3. f4 d6 4. Nf3 g6 5. Bc4 Bg7 6. O-O Bd7 7. d3 e6 8. f5
Nf6 9. Nb5 Bc8 10. fxe6 fxe6 11. Ng5 d5 12. exd5 exd5 13. Qe1+ Ne7 14. Ne6
Bxe6 15. Qxe6 Qd7 16. Nd6+ Kd8 17. Nf7+ Ke8 18. Bb5 Qxb5 19. Nd6+ Kd8 20. Nxb5
Nd7 21. Rf7 Bf8 22. Bg5 Kc8 23. Bxe7 Bxe7 24. Rxe7 Rd8 25. Qd6 {#r} 1-0

[Event "Intermat"]
[Site "Richmond"]
[Date "2023.04.15"]
[Round "1.15"]
[White "Aljo, Johan"]
[Black "Vemparala, Nikash"]
[Result "0-1"]
[WhiteElo "2011"]
[BlackElo "2122"]
[EventType "team-match"]
[EventRounds "2"]
[EventCountry "CAN"]

1. d4 d5 2. c4 c6 3. Nf3 Nf6 4. Nc3 e6 5. e3 Nbd7 6. Qc2 Bd6 7. Bd3 dxc4 8.
Bxc4 e5 9. e4 exd4 10. Nxd4 Ne5 11. Be2 Neg4 12. Nf3 O-O 13. h3 Ne5 14. O-O
Qe7 15. Nd4 Ng6 16. Re1 Re8 17. Bf1 Qe5 18. Nf3 Qh5 19. Be2 Bxh3 20. gxh3 Qxh3
21. Bg5 h6 22. Bxf6 Nf4 23. Bf1 Qg4+ 24. Kh1 Qxf3+ 25. Kg1 Qg4+ 26. Kh1 Qh5+
27. Kg1 Ne2+ 28. Bxe2 Qh2+ {#R} 0-1

[Event "Intermat"]
[Site "Richmond"]
[Date "2023.04.15"]
[Round "1.16"]
[White "Russell, Wesley"]
[Black "Willy, Stephen"]
[Result "0-1"]
[WhiteElo "1683"]
[BlackElo "1949"]
[EventType "team-match"]
[EventRounds "2"]
[EventCountry "CAN"]

1. e4 c5 2. c3 Nf6 3. e5 Nd5 4. d4 cxd4 5. Nf3 Nc6 6. cxd4 d6 7. exd6 e6 8.
Nc3 Bxd6 9. Bc4 O-O 10. O-O b6 11. Re1 Nxc3 12. bxc3 Bb7 13. Bd3 h6 14. Bc2
Ne7 15. Qd3 Ng6 16. Ne5 Qh4 17. h3 Bxe5 18. Rxe5 Rfd8 19. Re1 Rac8 20. Ba3
Bxg2 21. Re3 Rd5 22. Rg3 Rg5 23. Rxg5 Qxg5 24. Kh2 Bd5 25. Rg1 Qf4+ 26. Qg3
Rxc3 27. Qxf4 Nxf4 28. Rg3 Rxc2 {#R} 0-1

[Event "Intermat"]
[Site "Richmond"]
[Date "2023.04.15"]
[Round "1.17"]
[White "Yang, Jingyun (Ryan)"]
[Black "Min, Ryan"]
[Result "1-0"]
[WhiteElo "2213"]
[BlackElo "2084"]
[EventType "team-match"]
[EventRounds "2"]
[EventCountry "CAN"]

1. Nf3 Nf6 2. c4 g6 3. b3 Bg7 4. Bb2 O-O 5. g3 d6 6. Bg2 e5 7. d3 Nc6 8. O-O
Be6 9. Nbd2 h6 10. e3 Qd7 11. Re1 Bh3 12. Bh1 Rae8 13. a3 a5 14. Qc2 g5 15.
Rad1 Nh5 16. d4 f5 17. dxe5 dxe5 18. Nf1 Qe6 19. Nxg5 Qc8 20. Bd5+ Kh8 21.
Nxh3 f4 22. Nxf4 exf4 23. Bxg7+ Nxg7 24. exf4 Nd4 25. Rxe8 Nxc2 26. Rxc8 Rxc8
27. Ne3 Nxe3 28. fxe3 Nf5 29. Kf2 c6 30. Be6 Rf8 31. Bxf5 Rxf5 32. Rd8+ Kg7
33. Rd7+ {#r} 1-0

[Event "Intermat"]
[Site "Richmond"]
[Date "2023.04.15"]
[Round "1.18"]
[White "Song, Ethan"]
[Black "Li, Emma"]
[Result "1-0"]
[WhiteElo "2220"]
[BlackElo "1569"]
[EventType "team-match"]
[EventRounds "2"]
[EventCountry "CAN"]

1. Nf3 d5 2. d4 Nf6 3. c4 c6 4. Nc3 e6 5. Bg5 Be7 6. e3 O-O 7. Be2 Nbd7 8. O-O
Qc7 9. Rc1 dxc4 10. Bxc4 Rd8 11. Bb3 e5 12. Qe2 h6 13. Bh4 exd4 14. Bg3 d3 15.
Qxd3 Nb6 16. Qg6 Bd6 17. Nb5 Nfd5 18. Nxc7 fxg6 19. Bxd6 Rxd6 20. Nxa8 Be6 21.
Rfd1 Rd7 22. Ne5 Re7 23. Nxg6 Re8 24. Bxd5 Nxd5 25. e4 Bf7 26. exd5 Bxg6 27.
d6 Rxa8 28. b4 Be4 29. f3 Bd5 30. Rxd5 cxd5 31. d7 Kf7 32. Rc8 Ke7 33. d8=Q+
{#r} 1-0

[Event "Intermat"]
[Site "Richmond"]
[Date "2023.04.15"]
[Round "1.19"]
[White "Su, Ethan"]
[Black "Pisan, Kai"]
[Result "1-0"]
[WhiteElo "1993"]
[BlackElo "1775"]
[EventType "team-match"]
[EventRounds "2"]
[EventCountry "CAN"]

1. d4 Nf6 2. c4 e6 3. Nf3 d5 4. g3 Be7 5. Bg2 O-O 6. O-O dxc4 7. Qc2 a6 8. a4
Bd7 9. Qxc4 Bc6 10. Nc3 b5 11. Qd3 b4 12. Nd1 Be4 13. Qd2 c5 14. Ne3 Nc6 15.
Rd1 Na5 16. Qe1 Nb3 17. Nd2 Nxa1 18. Nxe4 Rb8 19. Nxc5 Bxc5 20. dxc5 Qa5 21.
c6 Qxa4 22. Nc4 Nc2 23. Qd2 Nd5 24. Bxd5 exd5 25. Qxd5 Qb5 26. Bf4 Rbc8 27. c7
g5 28. Bd6 Rfe8 29. Qxb5 axb5 30. Nb6 f6 31. Nxc8 Rxc8 32. Be5 {#r} 1-0

[Event "Intermat"]
[Site "Richmond"]
[Date "2023.04.15"]
[Round "1.20"]
[White "Leong, Aiden"]
[Black "Wong-Godfrey, Emerson"]
[Result "1-0"]
[WhiteElo "2097"]
[BlackElo "1713"]
[EventType "team-match"]
[EventRounds "2"]
[EventCountry "CAN"]

1. Nf3 Nf6 2. g3 g6 3. b3 Bg7 4. Bb2 O-O 5. Bg2 d5 6. O-O c5 7. c4 d4 8. b4
Qb6 9. Qb3 Qxb4 10. Qxb4 cxb4 11. d3 Nc6 12. Nxd4 Nd7 13. e3 Nc5 14. Rd1 Bf5
15. Nxc6 Bxb2 16. Nxe7+ Kh8 17. Nxf5 Bxa1 18. Nd4 Bxd4 19. exd4 Na4 20. Bxb7
Rae8 21. Kf1 Rb8 22. Bc6 Nc3 23. Nxc3 bxc3 24. Rc1 Rb2 25. Rxc3 Rxa2 26. c5
Rb8 27. Bd5 Rd2 28. Bb3 Re8 29. c6 Ree2 30. Bd5 Rxf2+ 31. Kg1 Rfe2 32. Rc1 Rc2
33. Rxc2 Rxc2 34. Bc4 {#r} 1-0

[Event "Intermat"]
[Site "Richmond"]
[Date "2023.04.15"]
[Round "1.21"]
[White "Jiang, Kate"]
[Black "Joshi, Atharva"]
[Result "1/2-1/2"]
[WhiteElo "2013"]
[BlackElo "1752"]
[EventType "team-match"]
[EventRounds "2"]
[EventCountry "CAN"]

1. e4 c5 2. c3 d5 3. exd5 Qxd5 4. d4 Nc6 5. Nf3 Bg4 6. Be2 cxd4 7. cxd4 e6 8.
O-O Nf6 9. Nc3 Qd8 10. h3 Bh5 11. Be3 Be7 12. Qb3 a6 13. Rfd1 Nd5 14. Nxd5
exd5 15. a3 O-O 16. Rac1 Na5 17. Qa2 Qd6 18. b4 Nc6 19. Qd2 Bf6 20. Bf4 Qe6
21. Re1 Qd7 22. Be5 Bxe5 23. Nxe5 Nxe5 24. dxe5 Bxe2 25. Rxe2 h6 26. Qd4 Qa4
27. Re3 a5 28. Qxd5 axb4 29. axb4 Qxb4 30. Rb3 Qf4 31. Re1 Ra2 32. Rf3 Qd2 33.
Qe4 Ra4 34. Qe3 Qxe3 35. Rfxe3 b5 36. Rb1 Rb8 37. Reb3 Ra5 38. f4 g6 39. Kf2
Rc8 40. R1b2 Rc4 41. g3 h5 42. Ke3 b4 43. h4 Ra3 44. Kf2 Rc2+ 45. Rxc2 Rxb3
46. Rc8+ Kg7 47. Rc7 Kf8 48. Rb7 Rb1 49. Kf3 b3 50. Kg2 b2 {#d} 1/2-1/2

[Event "Intermat"]
[Site "Richmond"]
[Date "2023.04.15"]
[Round "1.22"]
[White "He, Matthew"]
[Black "Demberel, Amana"]
[Result "1/2-1/2"]
[WhiteElo "2060"]
[BlackElo "1610"]
[EventType "team-match"]
[EventRounds "2"]
[EventCountry "CAN"]

1. d4 d5 2. c4 dxc4 3. e3 e5 4. Bxc4 exd4 5. exd4 Bd6 6. Nf3 Nf6 7. O-O O-O 8.
h3 Bf5 9. Nc3 h6 10. Qb3 Nc6 11. Re1 Na5 12. Qb5 Nxc4 13. Qxf5 Qd7 14. Qd3 Nb6
15. Nh4 Rfe8 16. Be3 Nbd5 17. Nf5 c6 18. Rad1 Rad8 19. g4 Nf4 20. Bxf4 Bxf4
21. Qf3 Qc7 22. d5 Nxd5 23. Nxd5 cxd5 24. Rxe8+ Rxe8 25. Qxd5 g6 26. Nh4 Kg7
27. Nf3 Re2 28. Qd4+ Be5 29. Nxe5 Qxe5 30. Qxe5+ Rxe5 31. Rd7 Rb5 32. b3 Kf6
33. f3 Ke6 34. Rd8 Rd5 35. Rb8 b6 36. Re8+ Kd6 37. Kf1 Ra5 38. a4 Re5 39. Rd8+
Ke7 40. Ra8 a5 41. Ra7+ Kf6 42. Rb7 Re6 43. f4 g5 44. f5 Rc6 45. Ke2 Rc3 46.
Rxb6+ Kg7 47. b4 axb4 48. Rxb4 Rxh3 49. Kd2 h5 50. gxh5 Rxh5 51. a5 Rh2+ 52.
Ke3 Rh3+ 53. Kd4 Rh4+ 54. Kc5 Rxb4 55. Kxb4 g4 56. a6 g3 57. a7 g2 58. a8=Q
g1=Q {#d} 1/2-1/2

[Event "Intermat"]
[Site "Richmond"]
[Date "2023.04.15"]
[Round "1.23"]
[White "Qiu, Peter Yong"]
[Black "Wan, Bertrand"]
[Result "0-1"]
[WhiteElo "1819"]
[BlackElo "1989"]
[EventType "team-match"]
[EventRounds "2"]
[EventCountry "CAN"]

1. e4 Nc6 2. Nc3 Nf6 3. d3 e5 4. g3 d5 5. Bg2 Bb4 6. Bd2 Be6 7. Nge2 Qd7 8.
exd5 Nxd5 9. a3 Bc5 10. Ne4 Be7 11. Ng5 Bg4 12. h3 Bh5 13. g4 Bg6 14. Ne4 h5
15. N2c3 Nb6 16. Be3 Nd4 17. Ng3 h4 18. Nge2 O-O-O 19. Qd2 Nc4 20. Qc1 Nxe3
21. fxe3 Bg5 22. O-O f5 23. gxf5 Bxf5 24. Kh2 Rhf8 25. Nxd4 exd4 26. Ne4 Bxe4
27. Bxe4 Qd6+ 28. Kh1 Qg3 29. Bg2 dxe3 30. Qe1 Rf2 31. Rxf2 exf2 32. Qe6+ Kb8
33. Qg4 Qxg4 34. hxg4 Bd2 35. Rd1 Be1 36. Bf1 Rd4 37. Kg2 Rxg4+ 38. Kf3 Rg1
39. Ke2 g5 40. d4 g4 41. Rd3 h3 42. Re3 a6 43. Re8+ Ka7 44. Rh8 g3 45. Rxh3 g2
46. Bxg2 Rxg2 47. Rf3 Rg1 48. b3 b5 49. c4 bxc4 50. bxc4 Kb6 51. Rf5 Rh1 52.
a4 Rg1 53. a5+ Kc6 54. Rf6+ Kd7 55. Rf5 Ke6 56. Rf3 Rh1 57. Rf4 f1=Q+ 58. Rxf1
Rxf1 59. Kxf1 Bxa5 60. Ke2 Bc3 61. Kd3 Bxd4 62. Kxd4 Kd6 63. Kd3 Kc5 64. Kc3
c6 65. Kb3 Kd4 66. Kb4 c5+ 67. Kb3 Kd3 68. Ka3 Kxc4 69. Ka4 Kd3 70. Ka3 c4 71.
Kb2 Kd2 {#R} 0-1

[Event "Intermat"]
[Site "Richmond"]
[Date "2023.04.15"]
[Round "1.24"]
[White "Qiu, Andrew Yu"]
[Black "Kandhare, Ojas"]
[Result "1-0"]
[WhiteElo "1815"]
[BlackElo "1662"]
[EventType "team-match"]
[EventRounds "2"]
[EventCountry "CAN"]

1. e4 e6 2. d4 d5 3. Nc3 dxe4 4. Nxe4 Nd7 5. Nf3 Ngf6 6. Bd3 b6 7. Qe2 Bb7 8.
Bf4 Be7 9. O-O-O Nd5 10. Bd2 Qc8 11. Neg5 N7f6 12. Nxf7 Kxf7 13. Ng5+ Ke8 14.
Nxe6 g6 15. c4 Nb4 16. Bxb4 Bxb4 17. Nxc7+ Kf7 18. Nxa8 Bxa8 19. a3 Re8 20.
Qc2 Bd6 21. f3 Re3 22. Rhe1 Qe8 23. Rxe3 Qxe3+ 24. Kb1 Bxh2 25. Qc3 Kg7 26.
Re1 Qg5 27. Re7+ Kh6 28. Rxa7 Bc6 29. d5 Be5 30. Qc1 Bd7 31. Qxg5+ Kxg5 32. a4
Bd4 33. b3 Kf4 34. g4 Kg5 35. a5 bxa5 36. Rxa5 Bb6 37. Ra8 Bc5 38. Kc2 Bb4 39.
Rb8 Bd6 40. Rb7 Bc8 41. Ra7 h5 42. Rg7 Be5 43. Rxg6+ Kf4 44. gxh5 Nxh5 45. Rg8
Bd7 46. Rf8+ Ke3 47. c5 Nf4 48. Be4 Bb5 49. c6 Kd4 50. Rd8 Kc5 51. Re8 Bd6 52.
Rd8 Be5 53. Rd7 Bd6 54. b4+ Kb6 55. Rxd6 Ne2 56. Rd7 Nd4+ 57. Kb2 Ba6 58. Rd8
{#r} 1-0

[Event "Intermat"]
[Site "Richmond"]
[Date "2023.04.15"]
[Round "1.25"]
[White "Doknjas, Neil"]
[Black "Shubin, Daniel"]
[Result "1-0"]
[WhiteElo "2243"]
[BlackElo "2263"]
[EventType "team-match"]
[EventRounds "2"]
[EventCountry "CAN"]

1. c4 e6 2. Nc3 d5 3. d4 Nf6 4. cxd5 exd5 5. Bg5 Nbd7 6. e3 c6 7. Bd3 Be7 8.
Nge2 Nf8 9. O-O Ne6 10. Bh4 O-O 11. b4 Bxb4 12. Bxh7+ Kxh7 13. Qb1+ Kg8 14.
Qxb4 b6 15. Rfd1 Ba6 16. Qa4 Bc4 17. Qc2 b5 18. Nc1 g5 19. Bg3 Ne4 20. f3 Nxg3
21. hxg3 Qd6 22. Kf2 Kg7 23. Nd3 Rae8 24. Ne5 Rh8 25. a4 Re7 26. Rh1 Rxh1 27.
Rxh1 Nf8 28. axb5 cxb5 29. Nxc4 bxc4 30. Qf5 f6 31. f4 Qe6 32. Qxe6 Nxe6 33.
Nxd5 Rb7 34. Rc1 Nc7 35. Nxc7 Rxc7 36. e4 Kf7 37. d5 Ke7 38. Ke3 Rb7 39. Kd4
Rb2 40. fxg5 fxg5 41. Ra1 Rd2+ 42. Kxc4 Rxg2 43. Rxa7+ Kf6 44. Ra6+ Ke7 45.
Ra3 Kd6 46. Kd4 Rd2+ 47. Rd3 Re2 48. Ra3 Rd2+ 49. Ke3 Rb2 50. Ra6+ Ke7 51. Kf3
Rb3+ 52. Kg4 Re3 53. Re6+ Kd7 54. Kxg5 Rxg3+ 55. Kf4 Rg8 56. Ra6 Re8 57. Ra7+
Kd6 58. Ra6+ Kc5 59. Ke3 Rc8 60. Kd3 Rc7 61. Ra5+ Kb6 62. Ra3 {#r} 1-0